00411nam a2200145Ia 4500008004100000040001900041041001200060082002900072245005200101260002600153300002400179650001800203700002300221850002100244131103s9999 xx 000 0 und d aLoreto College aEnglish a822.08/DEBbLCLIB/1 copy aSeven sacred PlayscNotes on the Debenham, A H  aLondonbMethuenc1934 aviii.200p. c 21cm. aEnglish drama aDebenham, A H not. aLCLIB/822.o8/DEB